| 000 | 00733nam a2200253 a 4500 | ||
|---|---|---|---|
| 001 | 2178 | ||
| 003 | BD-RjUL | ||
| 005 | 20211208233511.0 | ||
| 008 | 150514s1950 nyu 1 0 eng d | ||
| 035 | _a(BD-RjUL)2205 | ||
| 040 |
_aNUN _beng _cNUN _dANL _dBD-RjUL |
||
| 041 | _aeng | ||
| 082 | 0 | 4 |
_a301.246 _bELS 1950 |
| 100 | 1 |
_aElliott, Mabel Agnes. _9116718 |
|
| 245 | 1 | 0 |
_aSocial disorganization / _cby M.A.Elliott and F.E.Merrill. |
| 250 | _a3rd ed. | ||
| 260 |
_aN.Y. : _bHarper, _c1950. |
||
| 300 |
_axiv, 748 p. ; _c25 cm. |
||
| 500 | _aIncludes index. | ||
| 650 | 0 |
_aSocial problems. _9116720 |
|
| 700 | 1 |
_aMerrill, Francis Ellsworth, _d1904- _9116721 |
|
| 942 |
_2ddc _cBK |
||
| 999 |
_c2178 _d2178 |
||